Govt. of
Madhya Pradesh

Income Tax Act As Amended By Finance (No.02) Act 2024 (Record no. 68255)

MARC details
000 -LEADER
fixed length control field 00299nam a22001097a 4500
082 ## - DEWEY DECIMAL CLASSIFICATION NUMBER
Classification number 336
100 ## - MAIN ENTRY--AUTHOR NAME
Personal name Ahuja,Dr.Girish
245 ## - TITLE STATEMENT
Title Income Tax Act As Amended By Finance (No.02) Act 2024
260 ## - PUBLICATION, DISTRIBUTION, ETC. (IMPRINT)
Place of publication Delhi
Name of publisher Commercial Law Publishers
Year of publication 2024
650 ## - SUBJECT ADDED ENTRY--TOPICAL TERM
Topical Term Income Tax
942 ## - ADDED ENTRY ELEMENTS (KOHA)
Koha item type Competitive Books
Holdings
Withdrawn status Lost status Damaged status Not for loan Home library Current library Date acquired Cost, normal purchase price Full call number Accession Number Price effective from Koha item type
        MACL MACL 10/10/2025 2695.00 336 DPI003903 10/10/2025 Competitive Books